[Event "Lansing (Aug)"]
[Site "?"]
[Date "1992.??.??"]
[Round "?"]
[White "Vangilder, W."]
[Black "Caron, L."]
[Result "1-0"]
[WhiteElo "1605"]
[BlackElo "1605"]
[PlyCount "65"]
[EventDate "1992.??.??"]

1. d4 d5 2. c4 Nf6 3. Nc3 Nc6 4. Bg5 h6 5. Bxf6 exf6 6. cxd5 Nb4 7. e3 Bd6 8.
g3 O-O 9. Bg2 b6 10. Nge2 Bb7 11. O-O a5 12. a3 Na6 13. Rc1 Qd7 14. Qd3 f5 15.
Nb5 Rae8 16. Nxd6 cxd6 17. Nc3 g6 18. Qb5 Re7 19. Qxb6 Qc7 20. Qxc7 Rxc7 21.
Nb5 Rxc1 22. Rxc1 Rd8 23. Nc7 Nb8 24. Rc3 Ba6 25. Nxa6 Nxa6 26. Bf1 Nb8 27. Rc7
Nd7 28. Bb5 Nf6 29. Ra7 Nxd5 30. Bc4 Nf6 31. Rxf7 Rf8 32. Rxf6+ Kg7 33. Rxd6
1-0

[Event "Flint (Class DE/2)"]
[Site "?"]
[Date "1992.??.??"]
[Round "?"]
[White "Vangilder, W."]
[Black "Calabria, John"]
[Result "1-0"]
[WhiteElo "1605"]
[BlackElo "1605"]
[PlyCount "51"]
[EventDate "1992.??.??"]

1. d4 Nf6 2. c4 e6 3. Nf3 Bb4+ 4. Bd2 Bxd2+ 5. Nbxd2 d5 6. cxd5 exd5 7. e3 O-O
8. Bd3 Bg4 9. O-O Nc6 10. a3 a5 11. Qc2 Bxf3 12. Nxf3 h6 13. Nd2 Re8 14. Bb5
Qd6 15. Rac1 Re6 16. Nf3 Ne4 17. Bxc6 bxc6 18. Ne5 Ra6 19. f3 f6 20. Ng4 h5 21.
fxe4 hxg4 22. Qe2 Rxe4 23. Qxa6 Rxe3 24. Rxc6 Qe7 25. Qc8+ Kf7 26. Rxc7 1-0

[Event "Detroit (MOR/7/100)"]
[Site "?"]
[Date "1992.??.??"]
[Round "?"]
[White "Vangilder, W."]
[Black "Aydar, S."]
[Result "1-0"]
[WhiteElo "1605"]
[BlackElo "1605"]
[PlyCount "80"]
[EventDate "1992.??.??"]

{7/(100)} 1. d4 d5 2. c4 e6 3. Nc3 Bb4 4. Nf3 Ne7 5. Bf4 Ng6 6. Bg3 Nc6 7. cxd5
exd5 8. Qc2 O-O 9. e3 f5 10. Be2 f4 11. Bd3 Nce7 12. a3 Bd6 13. Bxg6 Nxg6 14.
Nxd5 fxg3 15. hxg3 Be6 16. Nf4 Bxf4 17. gxf4 Rc8 18. Ng5 Qd5 19. Nxe6 Qxe6 20.
Qe2 h6 21. g4 Qd5 22. f3 Rf7 23. Kf2 Re7 24. Qc2 c5 25. Qxg6 Rc6 26. Qd3 cxd4
27. e4 Qd6 28. Qb3+ Kh8 29. e5 Qd8 30. Rad1 Rb6 31. Qd3 Rxb2+ 32. Rd2 Rb6 33.
Qe4 Rd7 34. Rhd1 Qe7 35. g5 Qf7 36. f5 Rb3 37. e6 Qe7 38. exd7 Qxd7 39. Rxd4
Qf7 40. Rd8+ Kh7 1-0

[Event "Ann Arbor (HVA/2/11)"]
[Site "?"]
[Date "1992.??.??"]
[Round "?"]
[White "Vangilder, W."]
[Black "Aldrich, Jeff"]
[Result "0-1"]
[WhiteElo "1605"]
[BlackElo "1945"]
[PlyCount "88"]
[EventDate "1992.??.??"]

{2/(11)} 1. d4 d5 2. c4 e6 3. Nc3 Nf6 4. cxd5 exd5 5. Bg5 Nbd7 6. e3 c6 7. Nf3
Bb4 8. Qc2 Qa5 9. Bd3 h6 10. Bh4 O-O 11. O-O Re8 12. a3 Bd6 13. Rfc1 a6 14. Qa4
Qd8 15. b4 b5 16. Qc2 Nb6 17. Ne2 Bd7 18. Bg3 Bf8 19. Ne5 Nc4 20. Bf5 Bxf5 21.
Qxf5 Qb6 22. Nd7 Nxd7 23. Qxd7 Re7 24. Qf5 Rea7 25. Nf4 a5 26. Nd3 axb4 27. Ne5
Nxe5 28. dxe5 Rxa3 29. Rab1 Rc3 30. e6 fxe6 31. Qg6 Qc5 32. Qxe6+ Kh8 33. Rxc3
bxc3 34. Be5 Ra7 35. Qxh6+ Kg8 36. Qe6+ Rf7 37. Rc1 Qa3 38. Rf1 Qc5 39. Bd4 Qc4
40. g4 c2 41. g5 c1=Q 42. Rxc1 Qxc1+ 43. Kg2 Qd1 44. g6 Qf3+ 0-1

[Event "Detroit (MOR/7/72)"]
[Site "?"]
[Date "1992.??.??"]
[Round "?"]
[White "Vangilder, D."]
[Black "Troupe, D."]
[Result "1/2-1/2"]
[WhiteElo "1605"]
[BlackElo "1605"]
[PlyCount "62"]
[EventDate "1992.??.??"]

{7/(72)} 1. d4 d5 2. c4 dxc4 3. Qa4+ Bd7 4. Qxc4 Nf6 5. Bf4 c6 6. Nf3 e6 7.
Nbd2 Be7 8. e4 Qa5 9. Bd3 O-O 10. O-O h6 11. Qc2 Qh5 12. Rfe1 Na6 13. Bxa6 bxa6
14. Nf1 Rac8 15. Ng3 Qb5 16. a3 Nh5 17. Nxh5 Qxh5 18. Ne5 Rfd8 19. Re3 f6 20.
Rh3 Qe8 21. Nxd7 Rxd7 22. Rg3 g5 23. Qc4 Kf7 24. Be3 a5 25. Qe2 c5 26. Qh5+ Kg7
27. Qxe8 Rxe8 28. dxc5 Rc8 29. Rf1 Bxc5 30. Bxc5 Rxc5 31. Rc3 Rb5 1/2-1/2

[Event "Detroit (MOR/4/86)"]
[Site "?"]
[Date "1992.??.??"]
[Round "?"]
[White "Vangilder, D."]
[Black "Piasecki, Vince"]
[Result "1-0"]
[WhiteElo "1605"]
[BlackElo "1605"]
[PlyCount "41"]
[EventDate "1992.??.??"]

{4/(86)} 1. d4 d5 2. c4 Nf6 3. Nc3 Nc6 4. Nf3 e6 5. Bg5 Be7 6. e3 Ne4 7. Bxe7
Nxe7 8. Bd3 c6 9. Qc2 Nxc3 10. Qxc3 Qc7 11. O-O Bd7 12. Rac1 f6 13. Rfe1 Ng6
14. Qc2 f5 15. cxd5 O-O 16. dxe6 Bxe6 17. Ng5 Bd7 18. Qc4+ Kh8 19. Nf7+ Kg8 20.
Nh6+ Kh8 21. Qg8+ 1-0

[Event "Detroit (MOR/2/56)"]
[Site "?"]
[Date "1992.??.??"]
[Round "?"]
[White "Vangilder, D."]
[Black "Morrow, Chris"]
[Result "0-1"]
[WhiteElo "1605"]
[BlackElo "1765"]
[PlyCount "94"]
[EventDate "1992.??.??"]

{2/(56)} 1. d4 d5 2. c4 e5 3. dxe5 d4 4. Nf3 Nc6 5. e3 Bb4+ 6. Bd2 dxe3 7. fxe3
Bg4 8. Be2 Nge7 9. O-O Ng6 10. Qe1 Bxd2 11. Nbxd2 Bxf3 12. Bxf3 Ngxe5 13. Bxc6+
Nxc6 14. Rd1 Qe7 15. Nf3 O-O 16. Qf2 Rad8 17. Nd4 Ne5 18. b3 Ng4 19. Nf5 Qe5
20. Qf4 Qxf4 21. Ne7+ Kh8 22. exf4 g6 23. h3 Nf6 24. Nd5 Nxd5 25. cxd5 Rd6 26.
Rd2 Rfd8 27. Rfd1 c6 28. Kf2 Rxd5 29. Rxd5 cxd5 30. g4 Kg7 31. Rd4 Kf6 32. h4
Ke6 33. Ke3 Kd6 34. b4 Re8+ 35. Kf2 Re4 36. Rxe4 dxe4 37. Ke3 Kd5 38. a4 f5 39.
gxf5 gxf5 40. h5 Kc4 41. b5 Kb4 42. b6 axb6 43. Kd4 Kxa4 44. Kc3 b5 45. h6 b4+
46. Kc2 Ka3 47. Kc1 Ka2 0-1

[Event "Detroit (MOR/6/77)"]
[Site "?"]
[Date "1992.??.??"]
[Round "?"]
[White "Vangilder, D."]
[Black "Franklin, M."]
[Result "1-0"]
[WhiteElo "1605"]
[BlackElo "1605"]
[PlyCount "89"]
[EventDate "1992.??.??"]

{6/(77)} 1. d4 e6 2. c4 c6 3. Nf3 Nf6 4. Bg5 Be7 5. Nc3 d5 6. e3 Nbd7 7. Bd3
O-O 8. O-O Re8 9. Qc2 Qc7 10. Bh4 b6 11. Rac1 Bb7 12. e4 dxc4 13. Bxc4 a6 14.
Bd3 h6 15. e5 Nh5 16. Bxe7 Rxe7 17. Ne4 c5 18. dxc5 Nxc5 19. Nxc5 Bxf3 20. gxf3
bxc5 21. Qxc5 Qd8 22. Rfd1 Rd7 23. Qe3 Qe7 24. Qe4 Qg5+ 25. Kh1 Rxd3 26. Qxa8+
Kh7 27. Qe4+ g6 28. Qxd3 Nf4 29. Qf1 Qxe5 30. Qc4 Qf6 31. Rg1 Nh3 32. Rg3 Nf4
33. b3 Nh5 34. Qc3 Qh4 35. Qe3 Qf6 36. Rg4 g5 37. Qe4+ Kg7 38. Rcg1 Kf8 39.
Qb4+ Kg8 40. Qe4 Kf8 41. Rc1 Nf4 42. Rxf4 gxf4 43. Qa8+ Ke7 44. Rc7+ Kd6 45.
Qc6+ 1-0

[Event "Flint (MEX/3)"]
[Site "?"]
[Date "1992.??.??"]
[Round "?"]
[White "Vandivier, Don"]
[Black "Smith, Walt"]
[Result "1-0"]
[WhiteElo "2050"]
[BlackElo "2045"]
[PlyCount "141"]
[EventDate "1992.??.??"]

1. e4 c5 2. Nf3 Nc6 3. d4 cxd4 4. Nxd4 Nf6 5. Nc3 g6 6. Bc4 Qb6 7. Nxc6 dxc6 8.
O-O Bg7 9. e5 Bg4 10. exf6 Bxd1 11. fxg7 Rg8 12. Rxd1 Rxg7 13. Be3 Qb4 14. Bb3
g5 15. Rd4 Qa5 16. Rad1 Rg6 17. Ne4 h6 18. Nc5 Qxc5 19. Rd8+ Rxd8 20. Rxd8+
Kxd8 21. Bxc5 b6 22. Be3 f5 23. Kf1 e5 24. Ke2 Kc7 25. g3 a5 26. a4 f4 27. Bd2
Kd6 28. Kf3 Rg7 29. Ke4 Re7 30. Kf5 Re8 31. Kg6 Kc5 32. h4 gxh4 33. gxh4 Rd8
34. Bc3 e4 35. Kxh6 e3 36. f3 b5 37. Bxa5 Rd6+ 38. Kg5 Rd4 39. h5 bxa4 40. Ba2
a3 41. bxa3 Ra4 42. Bb4+ Rxb4 43. axb4+ Kxb4 44. h6 e2 45. h7 e1=Q 46. h8=Q
Qg3+ 47. Kf5 Qxf3 48. Qb2+ Kc5 49. Qe5+ Kb6 50. Qxf4 Qh5+ 51. Ke4 Qh7+ 52. Qf5
Qh2 53. Kd3 c5 54. Qf6+ Ka5 55. Kc3 Qb8 56. Bb3 Qb4+ 57. Kb2 Qb8 58. Qc6 Qh8+
59. Ka2 Qc3 60. Qb7 Qd4 61. Qa7+ Kb5 62. c4+ Kb4 63. Qa3+ Kc3 64. Qb2+ Kd3 65.
Qxd4+ Kxd4 66. Ka3 Kc3 67. Ba2 Kc2 68. Ka4 Kb2 69. Kb5 Kxa2 70. Kxc5 Ka3 71.
Kb5 1-0

[Event "Detroit (MI Op/3/27)"]
[Site "?"]
[Date "1992.??.??"]
[Round "?"]
[White "Vandivier, Don"]
[Black "Roberts, Kenneth"]
[Result "1-0"]
[WhiteElo "2030"]
[BlackElo "1855"]
[PlyCount "51"]
[EventDate "1992.??.??"]

{3/(27)} 1. e4 e6 2. d4 d5 3. Nc3 Nf6 4. e5 Nfd7 5. Qg4 c5 6. Nb5 Qa5+ 7. Bd2
Qb6 8. Nd6+ Bxd6 9. Qxg7 Rf8 10. exd6 Qxb2 11. Rd1 Nc6 12. Nf3 Qxc2 13. Bh6
Qc3+ 14. Rd2 Qc1+ 15. Ke2 Qc4+ 16. Kd1 Qa4+ 17. Ke1 Qa3 18. Qxh7 Qc1+ 19. Ke2
Nf6 20. Qg7 Nd7 21. Ne5 b6 22. Nxd7 Ba6+ 23. Kf3 Qc3+ 24. Rd3 Nxd4+ 25. Kg4
Bxd3 26. Nf6+ 1-0

[Event "Flint (MEX/4)"]
[Site "?"]
[Date "1992.??.??"]
[Round "?"]
[White "Vandivier, Don"]
[Black "Mazuchowski, Tom"]
[Result "0-1"]
[WhiteElo "2050"]
[BlackElo "2145"]
[PlyCount "42"]
[EventDate "1992.??.??"]

1. e4 c5 2. Nf3 Nc6 3. Nc3 g6 4. d4 cxd4 5. Nxd4 Bg7 6. Be3 d6 7. Bc4 Bd7 8.
Qd2 Nf6 9. f3 a5 10. O-O-O a4 11. Bb5 O-O 12. Nxc6 Bxc6 13. Bxc6 bxc6 14. e5
Nd5 15. Nxd5 cxd5 16. exd6 Qxd6 17. Qxd5 Bxb2+ 18. Kb1 Qb4 19. Qc5 Qxc5 20.
Bxc5 Rab8 21. Bg1 Bf6+ 0-1

[Event "Detroit (MI Op/1b/8)"]
[Site "?"]
[Date "1992.??.??"]
[Round "?"]
[White "Vandivier, Don"]
[Black "Lubben, Don"]
[Result "1-0"]
[WhiteElo "2030"]
[BlackElo "1830"]
[PlyCount "38"]
[EventDate "1992.??.??"]

1. e4 e6 2. d4 d5 3. Nc3 Bb4 4. Bd2 dxe4 5. Qg4 Qxd4 6. Nf3 Nh6 7. Qf4 Qd6 8.
Qxe4 Nc6 9. O-O-O f5 10. Qh4 Nf7 11. Nb5 Bxd2+ 12. Rxd2 Qe7 13. Qg3 Nd6 14.
Nxc7+ Qxc7 15. Rxd6 O-O 16. Ng5 Nb4 17. Bd3 Rd8 18. Rd4 Nxd3+ 19. Rxd3 Rxd3 1-0

[Event "Detroit (MI Op/5/24)"]
[Site "?"]
[Date "1992.??.??"]
[Round "?"]
[White "Vandivier, Don"]
[Black "Kruskie, Jerry"]
[Result "1-0"]
[WhiteElo "2030"]
[BlackElo "1840"]
[PlyCount "53"]
[EventDate "1992.??.??"]

{5/(24)} 1. e4 c5 2. Nf3 Nc6 3. d4 cxd4 4. Nxd4 g6 5. Nc3 Bg7 6. Be3 Nf6 7. Bc4
O-O 8. f3 Qa5 9. Bb3 d6 10. Qd2 Bd7 11. O-O-O Nxd4 12. Bxd4 Rfc8 13. h4 Be6 14.
Kb1 Bxb3 15. cxb3 b5 16. h5 b4 17. Ne2 Qb5 18. hxg6 hxg6 19. Be3 Kf8 20. Bh6
Bxh6 21. Qxh6+ Ke8 22. Qe3 Qe5 23. Rc1 a5 24. Rh8+ Kd7 25. Rhxc8 Rxc8 26. Qa7+
Kd8 27. Qb6+ 1-0

[Event "Detroit (MI Op/7/22)"]
[Site "?"]
[Date "1992.??.??"]
[Round "?"]
[White "Vandivier, Don"]
[Black "James, T."]
[Result "1-0"]
[WhiteElo "2030"]
[BlackElo "1775"]
[PlyCount "111"]
[EventDate "1992.??.??"]

{7/(22)} 1. e4 g6 2. d4 Bg7 3. Nc3 d6 4. Be3 e5 5. d5 Nf6 6. f3 O-O 7. Qd2 Nbd7
8. Bh6 a6 9. h4 Bxh6 10. Qxh6 Qe7 11. h5 b5 12. O-O-O b4 13. Na4 Nc5 14. Nxc5
dxc5 15. Bc4 Qd6 16. hxg6 fxg6 17. Ne2 a5 18. f4 Ba6 19. Bxa6 Rxa6 20. f5 gxf5
21. Ng3 Rf7 22. Nxf5 Qf8 23. Qh2 Ng4 24. Qg3 Rg6 25. Rh4 Rxf5 26. exf5 Qxf5 27.
Qh3 Qg5+ 28. Kb1 Rg7 29. b3 Qg6 30. Re1 e4 31. Re3 Nxe3 32. Qc8+ Kf7 33. Rf4+
Ke7 34. Qxc7+ Ke8 35. Qc8+ Ke7 36. Qxc5+ Kd7 37. Qxe3 Qxg2 38. Qa7+ Kd6 39.
Qb8+ Kc5 40. Kb2 Qg3 41. Qc8+ Kxd5 42. Qc4+ Kd6 43. Rxe4 Qc3+ 44. Qxc3 bxc3+
45. Kxc3 Rg5 46. a3 Kc6 47. b4 axb4+ 48. axb4 h5 49. Kb3 Rg4 50. Re6+ Kb7 51.
Rh6 h4 52. c4 Rg3+ 53. Ka4 h3 54. c5 Rf3 55. Kb5 Rb3 56. Rh7+ 1-0

[Event "Detroit (MI Action/6)"]
[Site "?"]
[Date "1992.??.??"]
[Round "?"]
[White "Vaka, Flamur"]
[Black "Walker, Douglas"]
[Result "1/2-1/2"]
[WhiteElo "1605"]
[BlackElo "1875"]
[PlyCount "84"]
[EventDate "1992.??.??"]

1. e4 e6 2. d4 d5 3. exd5 exd5 4. Bf4 Nf6 5. Nf3 Bg4 6. Be2 Bxf3 7. Bxf3 c6 8.
O-O Be7 9. c3 O-O 10. Nd2 Re8 11. Re1 Nbd7 12. Bg5 Nf8 13. Bxf6 Bxf6 14. Qb3
Qc7 15. Rad1 Ng6 16. g3 Nf8 17. Bg4 Ne6 18. Nf3 Ng5 19. Nxg5 Bxg5 20. Bf3 b5
21. Qc2 Re7 22. h4 Bf6 23. Qd2 Rae8 24. Bg4 Qd8 25. Kf1 Qd6 26. Rxe7 Rxe7 27.
Re1 g6 28. Rxe7 Qxe7 29. Qe2 Kf8 30. Qxe7+ Kxe7 31. Ke2 h5 32. Bh3 Kd6 33. Kd3
a5 34. a3 a4 35. f4 Bd8 36. f5 g5 37. hxg5 Bxg5 38. Kc2 f6 39. g4 hxg4 40. Bxg4
Be3 41. Kd3 Bc1 42. Kc2 Be3 1/2-1/2

[Event "East Lansing (MI Am/4)"]
[Site "?"]
[Date "1992.??.??"]
[Round "?"]
[White "Vaka, Flamur"]
[Black "Solski, Jeff"]
[Result "0-1"]
[WhiteElo "1605"]
[BlackElo "1605"]
[PlyCount "50"]
[EventDate "1992.??.??"]

1. e4 d6 2. d4 Nf6 3. Nc3 g6 4. Bg5 Bg7 5. Qd2 c6 6. Bh6 Bxh6 7. Qxh6 b5 8. Rd1
b4 9. Nb1 Nxe4 10. Bd3 Nf6 11. h3 Qa5 12. b3 Qxa2 13. Nf3 Ba6 14. Bxa6 Nxa6 15.
Rc1 Qa5 16. O-O Qh5 17. Qe3 Nd5 18. Qe2 Nac7 19. Qd2 Ne6 20. Kh2 Ndf4 21. Qe3
g5 22. Ng1 g4 23. Rcd1 Rg8 24. g3 Nxh3 25. Rfe1 Nhf4+ 0-1

[Event "East Lansing (MI Am/2)"]
[Site "?"]
[Date "1992.??.??"]
[Round "?"]
[White "Vaka, Flamur"]
[Black "Skidmore, Jennifer"]
[Result "0-1"]
[WhiteElo "1605"]
[BlackElo "1920"]
[PlyCount "64"]
[EventDate "1992.??.??"]

1. e4 e5 2. Nf3 d6 3. d4 exd4 4. Nxd4 Be7 5. Bc4 Nf6 6. Nc3 c6 7. O-O O-O 8.
Re1 Nbd7 9. f4 Nb6 10. Bb3 Re8 11. f5 d5 12. e5 Bc5 13. Bg5 h6 14. Bh4 Bxf5 15.
Kh1 Ng4 16. Qxg4 Bxg4 17. Bxd8 Bxd4 18. Bh4 Bxe5 19. Rf1 Nd7 20. Rae1 Nc5 21.
h3 Bh5 22. Bf2 Nxb3 23. axb3 Bg6 24. Re2 Bxc3 25. Rxe8+ Rxe8 26. bxc3 a6 27.
Bc5 Bxc2 28. b4 Bd3 29. Rd1 Bc4 30. Kg1 f5 31. Kf2 Kf7 32. Kf3 Be2+ 0-1

[Event "Detroit (MOR/6/89)"]
[Site "?"]
[Date "1992.??.??"]
[Round "?"]
[White "Vaka, Flamur"]
[Black "Schafer, Jurgen"]
[Result "1-0"]
[WhiteElo "1605"]
[BlackElo "1605"]
[PlyCount "91"]
[EventDate "1992.??.??"]

{6/(89)} 1. e4 c5 2. Nf3 Nc6 3. d4 cxd4 4. Nxd4 Nf6 5. Nc3 a6 6. Be2 e5 7. Nf5
d6 8. Ng3 Be7 9. Nd5 Nxd5 10. Qxd5 Be6 11. Qd1 Qb6 12. O-O Nd4 13. b3 Nxe2+ 14.
Qxe2 d5 15. exd5 Bxd5 16. Qxe5 Qe6 17. Qxe6 Bxe6 18. Bb2 O-O 19. Nh5 f6 20.
Rfe1 Kf7 21. Nxg7 Bd5 22. Nf5 Bc5 23. Re2 Bc6 24. Rae1 Rad8 25. Re6 Kg6 26.
Ne7+ Bxe7 27. Rxe7 Rd2 28. R7e2 Rfd8 29. f3 Kf5 30. Kf2 h5 31. h3 R8d7 32. Bc3
Rxe2+ 33. Rxe2 Rd1 34. Rd2 Rxd2+ 35. Bxd2 Kg6 36. Ke2 f5 37. Kd3 Kf6 38. Kd4
Ke6 39. c4 Kf6 40. Bf4 Ke6 41. Kc5 Kf6 42. b4 Ba4 43. Kb6 Bc6 44. b5 axb5 45.
cxb5 Bd5 46. a4 1-0

[Event "Detroit (MOR/2/90)"]
[Site "?"]
[Date "1992.??.??"]
[Round "?"]
[White "Vaka, Flamur"]
[Black "Ruelas, Erik"]
[Result "1-0"]
[WhiteElo "1605"]
[BlackElo "1605"]
[PlyCount "79"]
[EventDate "1992.??.??"]

{2/(90)} 1. e4 c5 2. Nf3 d6 3. d4 cxd4 4. Nxd4 e5 5. Bb5+ Bd7 6. Bxd7+ Qxd7 7.
Nf5 g6 8. Ng3 Nc6 9. Nc3 Nge7 10. Bg5 Bg7 11. Qd2 O-O 12. O-O f5 13. Rad1 Nc8
14. Nd5 fxe4 15. Nxe4 Kh8 16. Bh6 Nd4 17. Bxg7+ Kxg7 18. c3 Nf5 19. Ne3 Nfe7
20. Nxd6 Nb6 21. Ne4 Qa4 22. Ng5 Kg8 23. Qd6 Rfd8 24. Qxe7 Qe8 25. Qxh7+ Kf8
26. Qh8+ Ke7 27. Qxe5+ Kf8 28. Qf6+ Kg8 29. Ne6 Rd7 30. Rxd7 Qxd7 31. Qxg6+ Kh8
32. Rd1 Qe7 33. Qh6+ Kg8 34. Qg5+ Qxg5 35. Nxg5 Re8 36. g3 Re5 37. h4 Kg7 38.
Kg2 Na4 39. Rd7+ Kg6 40. Rxb7 1-0

[Event "Detroit (MOR/4/90)"]
[Site "?"]
[Date "1992.??.??"]
[Round "?"]
[White "Vaka, Flamur"]
[Black "McFolley, John"]
[Result "0-1"]
[WhiteElo "1605"]
[BlackElo "1605"]
[PlyCount "56"]
[EventDate "1992.??.??"]

{4/(90)} 1. e4 e6 2. d4 d5 3. exd5 exd5 4. Bf4 Bd6 5. Bxd6 Qxd6 6. Nf3 Bg4 7.
Be2 Nf6 8. O-O O-O 9. Nbd2 Nc6 10. c3 Rfe8 11. Bd3 Re6 12. Qc2 h6 13. h3 Bxf3
14. Nxf3 Rae8 15. Rad1 a6 16. Nh4 Ne4 17. Rfe1 Qd8 18. Nf3 Qe7 19. Re3 Ng5 20.
Nxg5 Rxe3 21. Bh7+ Kf8 22. fxe3 Qxe3+ 23. Kh1 Qxg5 24. Rf1 Re6 25. Bd3 Rf6 26.
Re1 Qg3 27. a4 Rf2 28. Qb3 Qxg2# 0-1

[Event "Detroit (MOR/7/78)"]
[Site "?"]
[Date "1992.??.??"]
[Round "?"]
[White "Uy, J."]
[Black "Vega, D."]
[Result "1-0"]
[WhiteElo "1605"]
[BlackElo "1655"]
[PlyCount "111"]
[EventDate "1992.??.??"]

{7/(78)} 1. e4 c5 2. Nf3 d6 3. d4 cxd4 4. Nxd4 Nf6 5. Nc3 a6 6. Bg5 e6 7. Qd2
Be7 8. O-O-O h6 9. Bh4 b5 10. a3 Qc7 11. Bg3 e5 12. Nde2 Be6 13. f4 Nbd7 14. h4
Bg4 15. f5 Nc5 16. Re1 Nfxe4 17. Qe3 Rc8 18. Nxe4 Bxf5 19. Nxc5 Qxc5 20. Qxc5
Rxc5 21. Nc3 f6 22. Be2 O-O 23. Bf2 Rc7 24. g4 Bh7 25. Bf3 Kh8 26. Be4 Rc4 27.
Bxh7 Kxh7 28. Re4 Rxe4 29. Nxe4 d5 30. Nc5 Bxc5 31. Bxc5 Rc8 32. b4 Kg8 33. Kd2
Kf7 34. Kd3 Ke6 35. Rf1 Rc7 36. c3 g5 37. h5 Rf7 38. Rf5 Rd7 39. Rf1 Rg7 40.
Ke3 Rd7 41. Rf2 Rc7 42. Ra2 f5 43. gxf5+ Kf6 44. Rf2 g4 45. Kd3 Kg5 46. f6 Rf7
47. Be7 g3 48. Rg2 Kf4 49. Ke2 Kg4 50. Kf1 e4 51. Rd2 e3 52. Rxd5 Kf3 53. Re5
g2+ 54. Kg1 Rh7 55. Bc5 e2 56. Re3+ 1-0

[Event "Detroit (MOR/5/104)"]
[Site "?"]
[Date "1992.??.??"]
[Round "?"]
[White "Uy, J."]
[Black "Scott, A."]
[Result "1-0"]
[WhiteElo "1605"]
[BlackElo "1605"]
[PlyCount "59"]
[EventDate "1992.??.??"]

{5/(104)} 1. e4 e5 2. Nf3 d6 3. c3 Bg4 4. h3 Bh5 5. Be2 Nf6 6. O-O Nxe4 7. Qa4+
Qd7 8. Qxe4 Nc6 9. d4 Bxf3 10. Bxf3 Be7 11. Be3 O-O 12. Nd2 f5 13. Qd5+ Kh8 14.
dxe5 Nxe5 15. Bd4 c6 16. Qb3 Nxf3+ 17. Nxf3 Bf6 18. Rad1 c5 19. Bxc5 Be7 20.
Rfe1 Rae8 21. Bxa7 Rf6 22. Ng5 h6 23. Nf7+ Kh7 24. Ne5 Qc8 25. Nf3 Rg6 26. Bd4
f4 27. Kh2 h5 28. Rd2 Qd8 29. Rde2 Qd7 30. Qf7 1-0

[Event "Detroit (MOR/1a/41)"]
[Site "?"]
[Date "1992.??.??"]
[Round "?"]
[White "Uy, J."]
[Black "Holland, J."]
[Result "0-1"]
[WhiteElo "1605"]
[BlackElo "1660"]
[PlyCount "98"]
[EventDate "1992.??.??"]

1. e4 c6 2. d4 d5 3. Nc3 dxe4 4. Nxe4 Nf6 5. Nxf6+ exf6 6. Nf3 Bg4 7. h3 Bxf3
8. Qxf3 Qxd4 9. c3 Qe5+ 10. Be3 Bc5 11. Be2 Bxe3 12. fxe3 O-O 13. O-O Re8 14.
Rad1 Qe6 15. b3 Nd7 16. Bc4 Ne5 17. Bxe6 Nxf3+ 18. Rxf3 Rxe6 19. Rd7 Rb8 20.
Kf2 Kf8 21. Rf4 Re7 22. Rdd4 Rbe8 23. Rh4 h6 24. e4 c5 25. Rc4 Re5 26. a4 f5
27. Kf3 fxe4+ 28. Rhxe4 Rxe4 29. Rxe4 Rxe4 30. Kxe4 Ke7 31. Kd5 h5 32. Kxc5 Ke6
33. a5 g5 34. a6 bxa6 35. Kc6 f5 36. Kb7 a5 37. c4 Kd6 38. Kxa7 Kc6 39. Ka6 f4
40. Kxa5 g4 41. b4 gxh3 42. b5+ Kb7 43. gxh3 f3 44. c5 f2 45. c6+ Kc8 46. Kb6
f1=Q 47. Kc5 Qxh3 48. b6 Qc3+ 49. Kd6 Qd4+ 0-1

[Event "Detroit (MOR/3/104)"]
[Site "?"]
[Date "1992.??.??"]
[Round "?"]
[White "Uy, J."]
[Black "Boyer, Mike"]
[Result "1-0"]
[WhiteElo "1605"]
[BlackElo "1605"]
[PlyCount "123"]
[EventDate "1992.??.??"]

{3/(104)} 1. e4 e5 2. Bc4 Nf6 3. Nf3 Nc6 4. O-O h6 5. Re1 Bc5 6. c3 Ng4 7. d4
Bb6 8. Be3 d6 9. h3 Nxe3 10. Rxe3 Qf6 11. Bb5 a6 12. Ba4 Qg6 13. Nh4 Qg5 14.
Nf5 Bxf5 15. exf5 O-O 16. Bxc6 bxc6 17. Rf3 e4 18. Rg3 Qxf5 19. Qd2 Qf6 20. Na3
d5 21. Nc2 c5 22. Ne3 Kh8 23. Nxd5 Qe6 24. Nxb6 Qxb6 25. dxc5 Qxc5 26. Re1 Rad8
27. Qc2 Rfe8 28. b4 Qb6 29. a4 a5 30. Qb3 axb4 31. cxb4 Qb8 32. Qxf7 Rg8 33.
Rxe4 Rdf8 34. Qb3 Qa7 35. Qa2 Rf6 36. Re2 Qd4 37. b5 Qd1+ 38. Kh2 Rd8 39. Rge3
Rff8 40. Re7 Qd6+ 41. Kg1 Qf4 42. Re1 Rd2 43. R1e2 Rxa2 44. Rxa2 Rd8 45. Ra1
Qf6 46. Ree1 Rd2 47. Rf1 Qf7 48. a5 Ra2 49. a6 c5 50. b6 Re2 51. b7 Re8 52.
Rfb1 Re2 53. b8=Q+ Kh7 54. Rf1 Qg6 55. Qb1 Rc2 56. a7 Re2 57. Qxg6+ Kxg6 58.
a8=Q Kh7 59. Qc8 Re5 60. Ra8 Kg6 61. Rfa1 Kh5 62. Qg4# 1-0

[Event "Lansing (Apr)"]
[Site "?"]
[Date "1992.??.??"]
[Round "?"]
[White "Uptegraff, D."]
[Black "Golingai, P."]
[Result "1/2-1/2"]
[WhiteElo "1605"]
[BlackElo "1605"]
[PlyCount "82"]
[EventDate "1992.??.??"]

1. e4 e6 2. d4 d5 3. e5 c5 4. Be3 cxd4 5. Bxd4 Nc6 6. Nf3 Nxd4 7. Qxd4 Ne7 8.
Bd3 Nc6 9. Qf4 Bb4+ 10. c3 Be7 11. O-O O-O 12. Nbd2 Bd7 13. Nb3 f6 14. exf6
Bxf6 15. Qd2 Qb6 16. Rfe1 Rf7 17. Re3 Raf8 18. Qc2 h6 19. Bg6 Re7 20. h3 Bc8
21. Nh2 Bg5 22. Rg3 Ne5 23. Ng4 Nxg6 24. Qxg6 Kh8 25. Qc2 e5 26. Re1 Bxg4 27.
Rxg4 Ref7 28. Re2 Rxf2 29. Rxf2 Rxf2 30. Qxf2 Be3 31. Qxe3 Qxe3+ 32. Kh2 Qe2
33. Nc5 Qxb2 34. Ne6 Qxc3 35. Rxg7 e4 36. Re7 e3 37. Re8+ Kh7 38. Re7+ Kg6 39.
Nf4+ Kg5 40. Nxd5 Qb2 41. Nxe3 Qxa2 1/2-1/2

[Event "Ann Arbor (HVA/3)"]
[Site "?"]
[Date "1992.??.??"]
[Round "?"]
[White "Turner, P."]
[Black "Takriti, Samer"]
[Result "1-0"]
[WhiteElo "1800"]
[BlackElo "1835"]
[PlyCount "107"]
[EventDate "1992.??.??"]

1. e4 e5 2. Nf3 Nf6 3. Nxe5 d6 4. Nf3 Nxe4 5. d4 d5 6. Bd3 Nc6 7. a3 Bg4 8. O-O
Nxd4 9. Bxe4 dxe4 10. Qxd4 Bxf3 11. Qe5+ Qe7 12. Qxe7+ Bxe7 13. gxf3 exf3 14.
Nd2 O-O-O 15. Nxf3 g5 16. Be3 f5 17. c3 f4 18. Bd4 Rhg8 19. Ne5 g4 20. b4 g3
21. fxg3 fxg3 22. h3 h5 23. Rf3 h4 24. Rf5 Rde8 25. Nf3 Bd8 26. Re5 Ref8 27.
Kg2 Rf4 28. Be3 Rc4 29. Rc5 Re4 30. Re5 Rc4 31. Bd4 Rc6 32. Rc5 Re6 33. Re1
Rgg6 34. Rxe6 Rxe6 35. Re5 Kd7 36. Rxe6 Kxe6 37. Kf1 a6 38. Ke2 Kf5 39. Ke3 c6
40. c4 Be7 41. c5 Bd8 42. Be5 Be7 43. Bd6 Bf6 44. Nd4+ Kg6 45. Ke4 Bg5 46. Bf4
Bf6 47. Be5 Bg5 48. Nf3 Be7 49. Kf4 Kh5 50. Kf5 Bf8 51. Bf6 Bh6 52. Nxh4 Bc1
53. Ng2 Bxa3 54. Bg5 1-0

[Event "Ann Arbor (HVA/1/12)"]
[Site "?"]
[Date "1992.??.??"]
[Round "?"]
[White "Turner, P."]
[Black "Smeckert, Dennis"]
[Result "1-0"]
[WhiteElo "1800"]
[BlackElo "1605"]
[PlyCount "39"]
[EventDate "1992.??.??"]

{1/(12)} 1. e4 e5 2. Nf3 Nc6 3. Bb5 f5 4. Nc3 fxe4 5. Nxe4 d5 6. Nxe5 dxe4 7.
Qh5+ g6 8. Nxg6 Nf6 9. Qe5+ Kf7 10. Nxh8+ Kg8 11. Bxc6 bxc6 12. Qg5+ Kxh8 13.
O-O Bd6 14. h3 Qe7 15. Re1 Bxh3 16. g3 Rg8 17. Qh4 Bg4 18. d3 Bf3 19. Bg5 Bxg3
20. Bxf6+ 1-0

[Event "Ann Arbor (HVA/4/3)"]
[Site "?"]
[Date "1992.??.??"]
[Round "?"]
[White "Turner, P."]
[Black "Aldrich, Jeff"]
[Result "0-1"]
[WhiteElo "1800"]
[BlackElo "1945"]
[PlyCount "54"]
[EventDate "1992.??.??"]

{4/(3)} 1. e4 c6 2. d4 d5 3. e5 Bf5 4. Nc3 e6 5. g4 Bg6 6. h4 h5 7. g5 Bb4 8.
Bd2 Ne7 9. Be2 Nf5 10. Nf3 Qb6 11. Na4 Qa5 12. Bxb4 Qxb4+ 13. c3 Qe7 14. Nc5 b6
15. Nd3 O-O 16. Nf4 c5 17. Nh2 cxd4 18. Nxg6 fxg6 19. Bxh5 Qf7 20. Bxg6 Qxg6
21. Qg4 Ne7 22. f3 Nbc6 23. cxd4 Qf5 24. Qh5 Nxd4 25. Kf2 Qc2+ 26. Kg3 Ne2+ 27.
Kh3 Nf4+ 0-1

[Event "Detroit (MOR/2/61)"]
[Site "?"]
[Date "1992.??.??"]
[Round "?"]
[White "Turner, Keita"]
[Black "Wright, Walter"]
[Result "1-0"]
[WhiteElo "1710"]
[BlackElo "1605"]
[PlyCount "59"]
[EventDate "1992.??.??"]

{2/(61)} 1. e4 c5 2. Nf3 Nc6 3. d4 cxd4 4. Nxd4 d6 5. Bc4 Ne5 6. Bb3 Nf6 7. Nc3
g6 8. f4 Bg4 9. Qd2 Bh6 10. Qf2 Ned7 11. h3 e5 12. Ndb5 Nc5 13. fxe5 Nxb3 14.
Nxd6+ Kd7 15. Bxh6 Nxa1 16. hxg4 Nxg4 17. Qxf7+ Qe7 18. e6+ Kxd6 19. Bf4+ Ne5
20. Bxe5+ Kxe5 21. Qxe7 Nxc2+ 22. Kd2 Nd4 23. Qc5+ Kxe6 24. Qxd4 Rhd8 25. Nd5
Rac8 26. Qf6+ Kd7 27. Qe7+ Kc6 28. Rc1+ Kb5 29. Qb4+ Ka6 30. Qa4# 1-0